Statistics for Guess the Taylor Swift song with no hint 40

Click here to take the quiz!

General Stats

  • This quiz has been taken 552 times
  • The average score is 177 of 239

Answer Stats

Answer% Correct
I
100%
You
99%
you
99%
a
98%
A
98%
me
97%
me?
97%
The
97%
the
97%
Do
95%
we
95%
and
94%
And
94%
your
94%
in
92%
it
92%
When
92%
my
91%
to
91%
To
91%
on
90%
you're
90%
be
89%
is
89%
were
89%
who
88%
ever
85%
think
85%
go
84%
of
84%
that
84%
too
84%
For
83%
for
83%
It's
83%
it's
83%
They
83%
if
82%
know
82%
like
82%
about
81%
but
81%
But
81%
was
81%
all
80%
This
80%
are
78%
don't
78%
(ah-ah)
76%
as
75%
Ooh
75%
I'll
74%
never
73%
stop
72%
I'd
71%
ooh-ooh-ooh
71%
Ooh-woo-ooh-ooh
71%
see
71%
Just
70%
now
70%
up
70%
you'll
70%
her
69%
Hey
67%
with
67%
always
66%
late
66%
from
65%
well
65%
Well
65%
back
64%
Dorothea
64%
off
64%
Down
63%
got
63%
come
62%
eyes
60%
way
59%
still
58%
make
57%
nothing
57%
only
57%
wanna
57%
younger
57%
being
55%
known
55%
same
55%
tired
55%
place
54%
left
53%
friends
52%
town
52%
park
50%
side
50%
stars
50%
ya
50%
brighter
49%
dreams
49%
magazines
49%
mom
49%
since
49%
wishes
49%
making
48%
misery
48%
Shined
48%
Honey
47%
met
47%
piss
47%
queen
47%
Selling
47%
under
47%
anything
46%
guess
46%
shiny
46%
show
46%
pageant
44%
screen's
44%
tiny
44%
bleachers?
43%
buy
43%
damn
43%
soul
42%
Tupelo
42%
lark
40%
prom
40%
schemes
40%
Skipping
40%
calmer
34%

Score Distribution

Percentile by Number Answered

Percent of People with Each Score

Your Score History

You have not taken this quiz